000 00749nab a2200241 a 4500
001 62539
003 134942
005 20201118105936.0
008 ||||||n9999 ||| || ||
041 _aspa
100 _aMartinez Pelaez, Gabriel
245 0 _aMarco legal para la planeacion y el desarrollo agroambiental nacional
260 _aBogotá :
_bSociedad de Agricultores de Colombia,
_c1998.
300 _app.29-34
562 _e0
650 _aANALISIS NORMATIVO
650 _aDESARROLLO AMBIENTAL--MAL PASO (ANTIOQUIA, COLOMBIA)
650 _aDESARROLLO SOSTENIBLE
650 _aECOLOGÍA AGRÍCOLA
650 _aPLANIFICACIÓN DEL DESARROLLO
773 _061280
_aRevista Nacional de Agricultura - No.922-923
942 _cSART
999 _c62539
_d62539